<?xml version="1.0" encoding="UTF-8"?>
<collection xmlns="http://www.loc.gov/MARC21/slim">
<record>
  <controlfield tag="001">166120</controlfield>
  <controlfield tag="005">20260128154426.0</controlfield>
  <datafield tag="024" ind1="7" ind2=" ">
    <subfield code="2">doi</subfield>
    <subfield code="a">10.1021/acs.nanolett.5c04495</subfield>
  </datafield>
  <datafield tag="024" ind1="8" ind2=" ">
    <subfield code="2">sideral</subfield>
    <subfield code="a">147436</subfield>
  </datafield>
  <datafield tag="037" ind1=" " ind2=" ">
    <subfield code="a">ART-2025-147436</subfield>
  </datafield>
  <datafield tag="041" ind1=" " ind2=" ">
    <subfield code="a">eng</subfield>
  </datafield>
  <datafield tag="100" ind1=" " ind2=" ">
    <subfield code="a">Lee, In-Ho</subfield>
  </datafield>
  <datafield tag="245" ind1=" " ind2=" ">
    <subfield code="a">Ultrastrong Plasmon–Phonon Coupling Enabled by Acoustic Graphene Plasmons</subfield>
  </datafield>
  <datafield tag="260" ind1=" " ind2=" ">
    <subfield code="c">2025</subfield>
  </datafield>
  <datafield tag="520" ind1="3" ind2=" ">
    <subfield code="a">Vibrational ultrastrong coupling (USC) opens new opportunities for controlling chemical reactivity and advancing mid-infrared nanophotonics. Here, we demonstrate USC in an ultrathin polar dielectric using acoustic graphene plasmons (AGPs). Unlike conventional graphene plasmons, whose coupling weakens with a reduced dielectric thickness, AGPs maintain strong coupling through enhanced field confinement in narrow dielectric gaps. This enables strong coupling in a polar film as thin as λ/8,000 and USC at λ/2,000. While USC is usually attributed to transverse optical phonons, we identify interface phonon polaritons at polar–nonpolar boundaries as an additional contributor. By tuning the AGP coupling to both phonon types, we observe a transition from a single anticrossing to two distinct anticrossings. This platform, sustaining USC in an extremely small volume, provides a promising basis for mid-infrared nanophotonics and quantum optics.</subfield>
  </datafield>
  <datafield tag="536" ind1=" " ind2=" ">
    <subfield code="9">info:eu-repo/grantAgreement/ES/MCIU/PID2023-148359NB-C21</subfield>
    <subfield code="9">info:eu-repo/grantAgreement/ES/MICINN-AEI/PID2020-115221GB-C41</subfield>
    <subfield code="9">info:eu-repo/grantAgreement/ES/MICIU/CEX2023-001286-S</subfield>
  </datafield>
  <datafield tag="540" ind1=" " ind2=" ">
    <subfield code="9">info:eu-repo/semantics/closedAccess</subfield>
    <subfield code="a">All rights reserved</subfield>
    <subfield code="u">http://www.europeana.eu/rights/rr-f/</subfield>
  </datafield>
  <datafield tag="655" ind1=" " ind2="4">
    <subfield code="a">info:eu-repo/semantics/article</subfield>
    <subfield code="v">info:eu-repo/semantics/publishedVersion</subfield>
  </datafield>
  <datafield tag="700" ind1=" " ind2=" ">
    <subfield code="a">de León-Pérez, Fernando</subfield>
    <subfield code="u">Universidad de Zaragoza</subfield>
    <subfield code="0">(orcid)0000-0003-0381-3448</subfield>
  </datafield>
  <datafield tag="700" ind1=" " ind2=" ">
    <subfield code="a">Yoo, Daehan</subfield>
  </datafield>
  <datafield tag="700" ind1=" " ind2=" ">
    <subfield code="a">Ryu, Eui-Hyoun</subfield>
  </datafield>
  <datafield tag="700" ind1=" " ind2=" ">
    <subfield code="a">Low, Tony</subfield>
  </datafield>
  <datafield tag="700" ind1=" " ind2=" ">
    <subfield code="a">Caldwell, Joshua D.</subfield>
  </datafield>
  <datafield tag="700" ind1=" " ind2=" ">
    <subfield code="a">Martín-Moreno, Luis</subfield>
    <subfield code="0">(orcid)0000-0001-9273-8165</subfield>
  </datafield>
  <datafield tag="700" ind1=" " ind2=" ">
    <subfield code="a">Oh, Sang-Hyun</subfield>
  </datafield>
  <datafield tag="710" ind1="2" ind2=" ">
    <subfield code="1">2003</subfield>
    <subfield code="2">395</subfield>
    <subfield code="a">Universidad de Zaragoza</subfield>
    <subfield code="b">Dpto. Física Materia Condensa.</subfield>
    <subfield code="c">Área Física Materia Condensada</subfield>
  </datafield>
  <datafield tag="773" ind1=" " ind2=" ">
    <subfield code="g">25, 51 (2025), 17650-17658</subfield>
    <subfield code="p">Nano lett.</subfield>
    <subfield code="t">Nano Letters</subfield>
    <subfield code="x">1530-6984</subfield>
  </datafield>
  <datafield tag="856" ind1="4" ind2=" ">
    <subfield code="s">10208548</subfield>
    <subfield code="u">http://zaguan.unizar.es/record/166120/files/texto_completo.pdf</subfield>
    <subfield code="y">Versión publicada</subfield>
  </datafield>
  <datafield tag="856" ind1="4" ind2=" ">
    <subfield code="s">3149101</subfield>
    <subfield code="u">http://zaguan.unizar.es/record/166120/files/texto_completo.jpg?subformat=icon</subfield>
    <subfield code="x">icon</subfield>
    <subfield code="y">Versión publicada</subfield>
  </datafield>
  <datafield tag="909" ind1="C" ind2="O">
    <subfield code="o">oai:zaguan.unizar.es:166120</subfield>
    <subfield code="p">articulos</subfield>
    <subfield code="p">driver</subfield>
  </datafield>
  <datafield tag="951" ind1=" " ind2=" ">
    <subfield code="a">2026-01-28-15:42:25</subfield>
  </datafield>
  <datafield tag="980" ind1=" " ind2=" ">
    <subfield code="a">ARTICLE</subfield>
  </datafield>
</record>
</collection>